00578 2200241 4500001002100000008004100021035001900062245007000081100001400151110001400165250000500179260003400184300002600218020001900244022001800263024000500281084001300286520000500299082000700304650000500311863000500316990001500321INLIS000000000000004 Ind $a 0010-1222000003$a SENJA HUJAN DAN CERITA : $b SENJA HUJAN DAN CERITA / $c BOY CANDRA$a BOY CANDRA$a BOY CANDRA$a I$a Jakarta $b MEDIA KITA $c 2015 $a 68 hlm. ; $c 17x25 cm.$a 978-222-666-444$a 856-225-456-78$a -$a 800 BOY s$a -$a 800$a -$a 1$a 1473/p/2018